[Event "VIII Floripa Chess Open 2022 - LIRA - mesa 1 a 205 - HOTEL FAIAL - 206 a 246"]
[Site "Lira Tênis Clube - Florianópolis/SC"]
[Date "2022.01.25"]
[Round "2"]
[Board "3"]
[White "Bachmann, Axel"]
[Black "Crespo Ruiz, Manuel Maria"]
[Result "1-0"]
[WhiteElo "2594"]
[BlackElo "1967"]
[PlyCount "0"]
[EventDate "2022.01.24"]
[EventRounds "10"]
[EventCountry "BRA"]

1. g3 Nf6 2. Bg2 d5 3. Nf3 c5 4. c4 g6 5. cxd5 Nxd5 6. Qa4+ Nd7 7. Nc3 Nb6 8.
Qd1 Bg7 9. O-O O-O 10. d3 Nf6 11. Be3 Nfd5 12. Bd2 Bd7 13. Qc1 Rc8 14. Bh6 e6
15. Bxg7 Kxg7 16. b3 Qe7 17. Ne4 e5 18. Qb2 f6 19. Rac1 Rc7 20. a3 Be6 21. Ned2
Nd7 22. Rc2 Rfc8 23. Rfc1 b5 24. e4 N5b6 25. d4 Qd6 26. d5 Bf7 27. Bf1 a6 28. a4
bxa4 29. bxa4 Nxa4 30. Nc4 Nxb2 31. Nxd6 Rb8 32. Bxa6 Rb6 33. Nb5 Ra7 34. Nxa7
Rxa6 35. Rxb2 Rxa7 36. Rcb1 Ra3 37. Rb7 Nf8 38. Nd2 Kg8 39. Nc4 Ra6 40. Re7 f5
41. Nxe5  1-0

[Event "VIII Floripa Chess Open 2022 - LIRA - mesa 1 a 205 - HOTEL FAIAL - 206 a 246"]
[Site "Lira Tênis Clube - Florianópolis/SC"]
[Date "2022.01.25"]
[Round "2"]
[Board "6"]
[White "Bassani, Jaison Jose"]
[Black "Mekhitarian, Krikor Sevag"]
[Result "0-1"]
[WhiteElo "1961"]
[BlackElo "2562"]
[PlyCount "0"]
[EventDate "2022.01.24"]
[EventRounds "10"]
[EventCountry "BRA"]

1. e4 c5 2. Nc3 Nc6 3. g3 g6 4. Bg2 Rb8 5. d3 b5 6. a3 a5 7. a4 b4 8. Nb5 Ba6 9.
c4 bxc3 10. bxc3 Bg7 11. Ne2 Nf6 12. d4 O-O 13. Rb1 Ne8 14. Be3 Nc7 15. c4 cxd4
16. Nexd4 Nxd4 17. Bxd4 Bxd4 18. Qxd4 Ne6 19. Qe3 Qc8 20. Rc1 Qc5 21. Qd2 Qb4
22. Qxb4 axb4 23. Kd2 Rfc8 24. Rhd1 Nc5 25. Rb1 b3 26. Rdc1 Bb7 27. f3 Ra8 28.
Nc3 Bc6 29. Bh3 Kf8 30. Nd5 Rxa4 31. Rb2 Rca8 32. Nb6 Ra2 33. Rb1 Rxb2+ 34. Rxb2
Ra2 35. Kc3 Ra6 36. Kd4 d6 37. Nd5 Ra2 38. Rb1 Rxh2 39. Bf1 e5+ 40. Ke3 Bxd5 41.
cxd5 Rc2 42. Be2 b2 43. Bb5 h5 44. Bc6 Ke7 45. f4 Rc3+  0-1

[Event "VIII Floripa Chess Open 2022 - LIRA - mesa 1 a 205 - HOTEL FAIAL - 206 a 246"]
[Site "Lira Tênis Clube - Florianópolis/SC"]
[Date "2022.01.25"]
[Round "2"]
[Board "46"]
[White "Dias, Marcelo De Souza"]
[Black "Carstens Dobuchak, Thiago"]
[Result "0-1"]
[WhiteElo "1840"]
[BlackElo "2153"]
[PlyCount "130"]
[EventDate "2022.01.24"]
[EventRounds "10"]
[EventCountry "BRA"]

1. e4 c5 2. Nf3 d6 3. Bb5+ Bd7 4. Bxd7+ Nxd7 5. c4 Ngf6 6. Nc3 g6 7. O-O Bg7 8.
d4 cxd4 9. Nxd4 O-O 10. Be3 a6 11. f3 Rc8 12. Qd3 Ne5 13. Qe2 Nxc4 14. Bf2 b5
15. Rac1 Nb6 16. Rfd1 Nfd7 17. Nd5 Rxc1 18. Rxc1 Bxd4 19. Bxd4 e5 20. Bxb6 Nxb6
21. Rc6 Nxd5 22. exd5 Qg5 23. g3 Re8 24. Kg2 e4 25. fxe4 Qxd5 26. exd5 Rxe2+
27. Kh3 Rxb2 28. Rxa6 h5 29. a3 g5 30. Rxd6 Kg7 31. Rb6 f6 32. g4 Rb3+ 33. Kg2
hxg4 34. Rb7+ Kg6 35. d6 Rxa3 36. Rxb5 Rd3 37. Rb6 Kf5 38. Ra6 Ke5 39. Ra8 Rxd6
40. Kg3 f5 41. Re8+ Kf6 42. Rf8+ Ke6 43. Rg8 Rd3+ 44. Kg2 Kf6 45. Rf8+ Ke5 46.
Rg8 Kf4 47. Rb8 Rd2+ 48. Kg1 Re2 49. Rb4+ Re4 50. Rb3 Re3 51. Rb5 g3 52. h3
Re1+ 53. Kg2 Re2+ 54. Kg1 Rh2 55. Rb4+ Ke5 56. Rb5+ Kf6 57. Rb6+ Kg7 58. Rb5
Kg6 59. Rb6+ Kh5 60. Rb8 Rxh3 61. Kg2 Kg4 62. Rb3 f4 63. Kg1 Rh2 64. Rb1 f3 65.
Rb4+ Kh3  0-1

[Event "VIII Floripa Chess Open 2022 - LIRA - mesa 1 a 205 - HOTEL FAIAL - 206 a 246"]
[Site "Lira Tênis Clube - Florianópolis/SC"]
[Date "2022.01.25"]
[Round "2"]
[Board "47"]
[White "Gatelli, Jacson Henrique"]
[Black "De Borba, Gabriel"]
[Result "1/2-1/2"]
[WhiteElo "1835"]
[BlackElo "2149"]
[PlyCount "78"]
[EventDate "2022.01.24"]
[EventRounds "10"]
[EventCountry "BRA"]

1. e4 d6 2. d4 Nf6 3. Nc3 c6 4. Nf3 Qa5 5. Bd2 Nbd7 6. Be2 e5 7. O-O Qc7 8. d5
Be7 9. h3 O-O 10. Be3 Nc5 11. Bxc5 dxc5 12. dxc6 bxc6 13. Bc4 Nd7 14. Qe2 Nb6
15. Bb3 a5 16. Na4 Ba6 17. c4 Nxa4 18. Bxa4 Rab8 19. Rac1 Rb4 20. b3 Bc8 21.
Rfd1 Rb6 22. Qe3 Re8 23. Qc3 Ra6 24. Qxe5 Qxe5 25. Nxe5 Bg5 26. Rc2 Rxe5 27. f4
Rxe4 28. fxg5 Kf8 29. Rd6 Re6 30. Rcd2 Ke7 31. Rd8 Ra8 32. h4 h6 33. Rg8 Bb7
34. Rxg7 Rf8 35. gxh6 Rxh6 36. g3 Bc8 37. Re2+ Kd6 38. Rg5 f5 39. Rd2+ Kc7
 1/2-1/2

[Event "VIII Floripa Chess Open 2022 - LIRA - mesa 1 a 205 - HOTEL FAIAL - 206 a 246"]
[Site "Lira Tênis Clube - Florianópolis/SC"]
[Date "2022.01.25"]
[Round "2"]
[Board "48"]
[White "Tomiello, Lucas Costamilan"]
[Black "Felix, Raimundo Nascimento"]
[Result "1-0"]
[WhiteElo "2146"]
[BlackElo "1849"]
[PlyCount "145"]
[EventDate "2022.01.24"]
[EventRounds "10"]
[EventCountry "BRA"]

1. e4 e5 2. Nf3 Nf6 3. Nxe5 d6 4. Nf3 Nxe4 5. d4 d5 6. Bd3 Nf6 7. O-O Be7 8.
Bg5 O-O 9. Nbd2 Re8 10. Re1 Nbd7 11. c3 Nf8 12. Qc2 Be6 13. Ne5 N6d7 14. Bxe7
Rxe7 15. f4 f6 16. Nef3 Qe8 17. Re2 Bg4 18. Rae1 Rxe2 19. Rxe2 Qf7 20. h3 Bxf3
21. Nxf3 Re8 22. Rxe8 Qxe8 23. Kf2 c6 24. g3 g6 25. f5 g5 26. Qb3 Nb6 27. a4
Qe7 28. a5 Nc8 29. c4 dxc4 30. Qxc4+ Kg7 31. a6 Nb6 32. Qc5 Qd7 33. Be4 Nc8 34.
axb7 Qxb7 35. b4 Nd7 36. Qxc6 Qxc6 37. Bxc6 Ndb6 38. Ne1 Nd6 39. g4 h5 40. Nc2
Kf7 41. Ne3 hxg4 42. hxg4 Ke7 43. Ke2 Kd8 44. Kd3 Kc7 45. Bd5 Nb5 46. Bc4 Nd6
47. Bd5 Nb5 48. Bf3 Nd6 49. Nf1 Nd7 50. Nd2 Kb6 51. Nc4+ Kc7 52. Na5 Nb8 53.
Nc4 Nb5 54. Ne3 Kd6 55. Nd5 Nd7 56. Nc3 Nxc3 57. Kxc3 Nb6 58. b5 Kc7 59. Kb4
Kd6 60. Be4 Nc8 61. Ka5 Kc7 62. Ka6 Kb8 63. Bd5 Nd6 64. b6 axb6 65. Kxb6 Kc8
66. Kc6 Ne8 67. Bf7 Nc7 68. d5 Kd8 69. Kd6 Nb5+ 70. Ke6 Nd4+ 71. Kxf6 Nf3 72.
Be6 Kc7 73. Ke7  1-0

[Event "VIII Floripa Chess Open 2022 - LIRA - mesa 1 a 205 - HOTEL FAIAL - 206 a 246"]
[Site "Lira Tênis Clube - Florianópolis/SC"]
[Date "2022.01.25"]
[Round "2"]
[Board "49"]
[White "Ribeiro, Fabiano Pinto"]
[Black "Francisco Guecamburu, Candela Be"]
[Result "1-0"]
[WhiteElo "1831"]
[BlackElo "2146"]
[PlyCount "71"]
[EventDate "2022.01.24"]
[EventRounds "10"]
[EventCountry "BRA"]

1. e4 c5 2. Nf3 a6 3. c3 g6 4. d4 cxd4 5. cxd4 d5 6. e5 Nc6 7. Nc3 Bg4 8. Be3
Bxf3 9. Qxf3 e6 10. Qd1 Qb6 11. Qd2 f6 12. Rd1 Rd8 13. exf6 Nxf6 14. Be2 Bg7
15. h4 O-O 16. h5 Ne4 17. Nxe4 dxe4 18. hxg6 hxg6 19. Bg4 Nxd4 20. O-O Rd5 21.
Qc1 Qd6 22. Qb1 Qe5 23. Bxd4 Rxd4 24. Rxd4 Qxd4 25. Bxe6+ Kh7 26. Qd1 Qxb2 27.
Qb3 Qd4 28. Qh3+ Bh6 29. Qh4 Rf4 30. Qe7+ Bg7 31. g3 Rf8 32. Kg2 g5 33. Qxg5
Rf6 34. Rh1+ Rh6 35. Rxh6+ Bxh6 36. Qg8#  1-0

[Event "VIII Floripa Chess Open 2022 - LIRA - mesa 1 a 205 - HOTEL FAIAL - 206 a 246"]
[Site "Lira Tênis Clube - Florianópolis/SC"]
[Date "2022.01.25"]
[Round "2"]
[Board "50"]
[White "Starke, Bruno Orlando"]
[Black "Da Silva, Vinicius R. Rodrigues"]
[Result "0-1"]
[WhiteElo "2139"]
[BlackElo "1846"]
[PlyCount "79"]
[EventDate "2022.01.24"]
[EventRounds "10"]
[EventCountry "BRA"]

1. Nf3 Nf6 2. c4 g6 3. Nc3 Bg7 4. e4 d6 5. d4 O-O 6. h3 e5 7. d5 Nbd7 8. Be3
Nh5 9. g4 Nf4 10. Qd2 Re8 11. O-O-O a5 12. Rg1 g5 13. Ne2 h6 14. Ng3 Nf8 15.
Nf5 Bxf5 16. gxf5 Nd7 17. h4 f6 18. Nh2 Kf7 19. Be2 Rh8 20. Bxf4 exf4 21. Bh5+
Kf8 22. Nf3 Ne5 23. Nd4 Qe7 24. Ne6+ Kg8 25. Qc3 Kh7 26. Kb1 Rhc8 27. Qh3 Kg8
28. Rc1 c6 29. dxc6 Rxc6 30. Qb3 a4 31. Qb5 b6 32. Rgd1 Ra5 33. Qb4 Ra8 34. Rc2
Rac8 35. Qxa4 Nxc4 36. Re1 b5 37. Qb4 Qc7 38. a3 Qa7 39. Qa4 b4 40. Rd2 {todos
ilegiveis}  0-1

[Event "VIII Floripa Chess Open 2022 - LIRA - mesa 1 a 205 - HOTEL FAIAL - 206 a 246"]
[Site "Lira Tênis Clube - Florianópolis/SC"]
[Date "2022.01.25"]
[Round "2"]
[Board "51"]
[White "Federzoni, Enzo"]
[Black "Borges, Lucas Silvestre"]
[Result "1-0"]
[WhiteElo "2138"]
[BlackElo "1841"]
[PlyCount "67"]
[EventDate "2022.01.24"]
[EventRounds "10"]
[EventCountry "BRA"]

1. e4 c5 2. Nf3 d6 3. d4 cxd4 4. Nxd4 Nf6 5. Nc3 g6 6. Be3 Bg7 7. f3 O-O 8. Qd2
Nc6 9. O-O-O d5 10. Qe1 e5 11. Nxc6 bxc6 12. exd5 Nxd5 13. Bc4 Be6 14. Ne4 Qc7
15. Bc5 Rfd8 16. Qh4 h6 17. g4 Nf4 18. Bxe6 Nxe6 19. Be3 Nf4 20. Rxd8+ Rxd8 21.
Qf2 Rd7 22. h4 Qa5 23. a3 Qd5 24. Kb1 f5 25. gxf5 gxf5 26. Nc5 Rd8 27. Bxf4
exf4 28. Rg1 Kh8 29. Nb3 Qe5 30. c3 Rb8 31. Nd4 Qc5 32. Rxg7 Qxc3 33. Rd7 Qxa3
34. Rd8+  1-0

[Event "VIII Floripa Chess Open 2022 - LIRA - mesa 1 a 205 - HOTEL FAIAL - 206 a 246"]
[Site "Lira Tênis Clube - Florianópolis/SC"]
[Date "2022.01.25"]
[Round "2"]
[Board "52"]
[White "Kropff, Ricardo"]
[Black "Quiroga, Angel"]
[Result "1/2-1/2"]
[WhiteElo "2132"]
[BlackElo "1837"]
[PlyCount "59"]
[EventDate "2022.01.24"]
[EventRounds "10"]
[EventCountry "BRA"]

1. Nf3 Nf6 2. c4 g6 3. Nc3 Bg7 4. e4 d6 5. d4 O-O 6. Be2 e5 7. d5 c5 8. Bg5 Bd7
9. Nd2 h6 10. Be3 Qe7 11. O-O Nh7 12. a3 f5 13. f3 f4 14. Bf2 a5 15. b4 axb4
16. axb4 Rxa1 17. Qxa1 cxb4 18. Nb5 Na6 19. Qa5 Rc8 20. Qb6 Bxb5 21. cxb5 Rc5
22. Rb1 h5 23. Rxb4 h4 24. Ra4 h3 25. Qa5 Qg5 26. Bf1 hxg2 27. Bc4 Qh4 28. Qb4
Ng5 29. Ra2 Rxb5 30. Qxb5 {Muito Ilegivel}  1/2-1/2

[Event "VIII Floripa Chess Open 2022 - LIRA - mesa 1 a 205 - HOTEL FAIAL - 206 a 246"]
[Site "Lira Tênis Clube - Florianópolis/SC"]
[Date "2022.01.25"]
[Round "2"]
[Board "53"]
[White "Nunes, Agatha Hurba"]
[Black "Ribeiro, Matheus Mendes Domingues"]
[Result "1-0"]
[WhiteElo "1828"]
[BlackElo "2128"]
[PlyCount "58"]
[EventDate "2022.01.24"]
[EventRounds "10"]
[EventCountry "BRA"]

1. d4 d5 2. c4 e6 3. Nc3 Nf6 4. cxd5 exd5 5. Bg5 Be7 6. e3 O-O 7. Bd3 c6 8. Qc2
Nbd7 9. Nge2 Re8 10. O-O Nf8 11. f3 g6 12. Rad1 Ne6 13. Bh4 b5 14. a3 a5 15. e4
dxe4 16. Bxe4 Nxe4 17. Bxe7 Rxe7 18. Nxe4 Qb6 19. Kh1 Ba6 20. d5 Ng7 21. d6 Re5
22. Nf6+ Kh8 23. Nd7 Qe3 24. Nxe5 Qxe5 25. d7 Ne6 26. Qxc6 Rd8 27. Qxa6 Nf4 28.
Nxf4 Rxd7 29. Qxa5 b4  1-0

[Event "VIII Floripa Chess Open 2022 - LIRA - mesa 1 a 205 - HOTEL FAIAL - 206 a 246"]
[Site "Lira Tênis Clube - Florianópolis/SC"]
[Date "2022.01.25"]
[Round "2"]
[Board "55"]
[White "Da Rosa, Henrique Jaze Simoes"]
[Black "Ferreira, Vitor Hugo Vieira"]
[Result "1/2-1/2"]
[WhiteElo "1824"]
[BlackElo "2123"]
[PlyCount "28"]
[EventDate "2022.01.24"]
[EventRounds "10"]
[EventCountry "BRA"]

1. Nf3 Nf6 2. c4 c6 3. g3 d5 4. Bg2 Bf5 5. O-O e6 6. d3 h6 7. Nc3 Be7 8. Qb3
Qb6 9. Be3 Qb4 10. cxd5 Bh7 11. Nd2 Qxb3 12. axb3 Na6 13. Rfc1 O-O 14. Na4 Ng4
{ilegivel}  1/2-1/2

[Event "VIII Floripa Chess Open 2022 - LIRA - mesa 1 a 205 - HOTEL FAIAL - 206 a 246"]
[Site "Lira Tênis Clube - Florianópolis/SC"]
[Date "2022.01.25"]
[Round "2"]
[Board "56"]
[White "Guerrero, Alvaro"]
[Black "Descarrega Zacarias, Vanessa"]
[Result "1-0"]
[WhiteElo "2123"]
[BlackElo "1828"]
[PlyCount "92"]
[EventDate "2022.01.24"]
[EventRounds "10"]
[EventCountry "BRA"]

1. e4 c5 2. d3 d6 3. g3 Nc6 4. Bg2 g6 5. Nf3 Bg7 6. O-O Nf6 7. c3 O-O 8. Re1
Qc7 9. h3 b5 10. d4 cxd4 11. Nxd4 Nxd4 12. cxd4 Bb7 13. a3 a5 14. Nc3 b4 15.
Na4 d5 16. Bf4 Qd8 17. Nc5 Bc6 18. e5 Nd7 19. Rc1 Rc8 20. axb4 axb4 21. Qb3 e6
22. Qxb4 Rb8 23. Qc3 Nxc5 24. Qxc5 Bb5 25. Bd2 Bc4 26. Qa3 Rb3 27. Qa1 Qb6 28.
Bc3 Rb8 29. Bf1 Bxf1 30. Rxf1 f6 31. exf6 Bxf6 32. Qa4 Qb7 33. Ra1 Qg7 34. Rfe1
R3b6 35. Re2 R8b7 36. Qe8+ Qf8 37. Rxe6 Qxe8 38. Rxe8+ Kf7 39. Re2 Rc6 40. Ra5
Re6 41. Kf1 Rxe2 42. Kxe2 Ke6 43. Ra6+ Ke7 44. Kd3 h5 45. Ra1 Ke6 46. Ra4 Ra7 {
ilegivel sumula 1  CANETA SEM TINTA SUMULA 2}  1-0

[Event "VIII Floripa Chess Open 2022 - LIRA - mesa 1 a 205 - HOTEL FAIAL - 206 a 246"]
[Site "Lira Tênis Clube - Florianópolis/SC"]
[Date "2022.01.25"]
[Round "2"]
[Board "57"]
[White "Backes, Jorge Henrique"]
[Black "Almeida Junior, Alvaro Alves De"]
[Result "1-0"]
[WhiteElo "1821"]
[BlackElo "2120"]
[PlyCount "79"]
[EventDate "2022.01.24"]
[EventRounds "10"]
[EventCountry "BRA"]

1. c4 e5 2. Nc3 Nf6 3. g3 d5 4. cxd5 Nxd5 5. Bg2 Nb6 6. e3 Nc6 7. Nge2 Be7 8.
O-O O-O 9. f4 f5 10. fxe5 Nxe5 11. d4 Ng4 12. b3 c5 13. h3 Nf6 14. Ba3 c4 15.
Bc5 Nbd7 16. Bxe7 Qxe7 17. bxc4 Qxe3+ 18. Kh2 Qh6 19. Kg1 Qe3+ 20. Kh2 Qh6 21.
Qc1 Ng4+ 22. Kg1 Ne3 23. Rf2 Nb6 24. c5 Nbc4 25. Nd5 Kh8 26. Nef4 Nxg2 27. Kxg2
Na5 28. Qd2 Nc6 29. Nc7 Rb8 30. d5 Nd8 31. Re1 Nf7 32. Nfe6 Bxe6 33. dxe6 Ng5
34. h4 Ne4 35. Rxe4 fxe4 36. Rxf8+ Rxf8 37. e7 Rg8 38. e8=Q Rxe8 39. Nxe8 Qg6
40. Nd6 {Lance 28 Qd2 nÃ£o corresponde aos proximos movimentos, sendo assim,
ILEGIVEL}  1-0

[Event "VIII Floripa Chess Open 2022 - LIRA - mesa 1 a 205 - HOTEL FAIAL - 206 a 246"]
[Site "Lira Tênis Clube - Florianópolis/SC"]
[Date "2022.01.25"]
[Round "2"]
[Board "58"]
[White "Do Nascimento, Christian Almeida"]
[Black "Da Silva, Lucas Pereira Mendes"]
[Result "1-0"]
[WhiteElo "2120"]
[BlackElo "1821"]
[PlyCount "93"]
[EventDate "2022.01.24"]
[EventRounds "10"]
[EventCountry "BRA"]

1. d4 Nf6 2. Bg5 Ne4 3. Bf4 d5 4. e3 c5 5. Bd3 Nf6 6. Nf3 Nc6 7. c3 Bg4 8. Nbd2
e6 9. Qb3 Qb6 10. Qxb6 axb6 11. Ne5 Nxe5 12. Bxe5 c4 13. Bxf6 gxf6 14. Be2 Bf5
15. e4 Bg6 16. O-O Bh6 17. f4 f5 18. exd5 exd5 19. Rae1 Kd7 20. a3 f6 21. g3
Rhe8 22. Nf3 Ra5 23. Bd1 Rxe1 24. Rxe1 Kd8 25. Bc2 Bf8 26. Nh4 Rb5 27. Rb1 Kc7
28. Nxf5 Bf7 29. Ne3 h5 30. Kf2 Ra5 31. Kf3 Ra8 32. h3 Bd6 33. Rh1 Rh8 34. Bf5
b5 35. Ng2 Ra8 36. Re1 Be8 37. Ne3 Bf7 38. Ng2 Be8 39. Be6 Bc6 40. Ne3 Re8 41.
Bf7 Rf8 42. Bxh5 Kb6 43. Bg6 Ka5 44. h4 Bxa3 45. bxa3 Ka4 46. Rb1 Kxa3 47. Rb4
 1-0

[Event "VIII Floripa Chess Open 2022 - LIRA - mesa 1 a 205 - HOTEL FAIAL - 206 a 246"]
[Site "Lira Tênis Clube - Florianópolis/SC"]
[Date "2022.01.25"]
[Round "2"]
[Board "59"]
[White "Menezes, Jose Eduardo Carneiro"]
[Black "Souza, Rafael Cabral De"]
[Result "1-0"]
[WhiteElo "1818"]
[BlackElo "2119"]
[PlyCount "72"]
[EventDate "2022.01.24"]
[EventRounds "10"]
[EventCountry "BRA"]

1. Nf3 c5 2. g3 Nc6 3. Bg2 g6 4. O-O Bg7 5. e4 d6 6. Nc3 e6 7. Re1 Nge7 8. d3
O-O 9. Bg5 h6 10. Be3 Nd4 11. Qc1 Kh7 12. Ne2 Nec6 13. Nfxd4 cxd4 14. Bd2 Bd7
15. c4 Rc8 16. f4 b5 17. b3 Qb6 18. Qa3 Rfd8 19. h3 Bf8 20. Qc1 Bg7 21. Rf1 Ne7
22. Qe1 Re8 23. Rb1 Qa6 24. Rb2 f5 25. Qb1 Bc6 26. exf5 exf5 27. Bxc6 Qxc6 28.
Bb4 Qb6 29. Rc2 bxc4 30. bxc4 Rb8 31. Rb2 Nc6 32. Ba3 Qxb2 33. Bxb2 Rxe2 34.
Qd1 Rbxb2 35. Re1 Red2 36. Qxd2 Rxd2  1-0

[Event "VIII Floripa Chess Open 2022 - LIRA - mesa 1 a 205 - HOTEL FAIAL - 206 a 246"]
[Site "Lira Tênis Clube - Florianópolis/SC"]
[Date "2022.01.25"]
[Round "2"]
[Board "60"]
[White "Lage, Pedro Ferreira"]
[Black "Landre, Geraldo Barbosa"]
[Result "1-0"]
[WhiteElo "2112"]
[BlackElo "1817"]
[PlyCount "85"]
[EventDate "2022.01.24"]
[EventRounds "10"]
[EventCountry "BRA"]

1. Nf3 Nf6 2. c4 e6 3. g3 d5 4. d4 Bb4+ 5. Nbd2 O-O 6. Bg2 b6 7. O-O Bb7 8. Ne5
Bxd2 9. Bxd2 Nbd7 10. Nxd7 Qxd7 11. Rc1 a5 12. Qc2 Ne4 13. cxd5 Nxd2 14. dxe6
Qxe6 15. Bxb7 Nxf1 16. Bxa8 Nxg3 17. hxg3 Rxa8 18. Qxc7 Re8 19. e3 h5 20. Qc6
Kf8 21. Qxe6 Rxe6 22. Rc2 Rd6 23. Kf1 g5 24. Ke2 h4 25. gxh4 gxh4 26. Rc1 Ke7
27. Rh1 Rc6 28. Kd3 Rh6 29. Ke4 f5+ 30. Ke5 Rh5 31. Rh3 Kf7 32. Kf4 Kf6 33. f3
a4 34. d5 Rh8 35. e4 fxe4 36. fxe4 Rh5 37. Kg4 Re5 38. Re3 Rg5+ 39. Kxh4 Rg2
40. e5+ Ke7 41. d6+ Ke6 42. Rd3 Kd7 43. e6+  1-0

[Event "VIII Floripa Chess Open 2022 - LIRA - mesa 1 a 205 - HOTEL FAIAL - 206 a 246"]
[Site "Lira Tênis Clube - Florianópolis/SC"]
[Date "2022.01.25"]
[Round "2"]
[Board "61"]
[White "Jenidarchiche, Douglas Rodrigo"]
[Black "Takano, Nicholas Ryo"]
[Result "0-1"]
[WhiteElo "1811"]
[BlackElo "2111"]
[PlyCount "76"]
[EventDate "2022.01.24"]
[EventRounds "10"]
[EventCountry "BRA"]

1. e4 c5 2. Nf3 g6 3. d4 cxd4 4. Qxd4 Nf6 5. Nc3 Nc6 6. Qa4 d6 7. e5 dxe5 8.
Nxe5 Bd7 9. Nxd7 Qxd7 10. Be3 Bg7 11. Rd1 Qg4 12. Rd4 Qc8 13. Bb5 O-O 14. Rc4
Qf5 15. Rc5 e5 16. Bxc6 bxc6 17. Rxc6 Rab8 18. Bc1 Rbd8 19. O-O Rd7 20. h3 Rfd8
21. Be3 Nd5 22. Nxd5 Rxd5 23. c4 R5d7 24. Ra6 e4 25. b4 Bd4 26. Bxd4 Rxd4 27.
c5 Rd2 28. Qb3 R2d3 29. Qc2 Rd2 30. Qb1 R8d3 31. Qe1 e3 32. fxe3 Qg5 33. g4 Qe5
34. Rf2 Qg3+ 35. Kf1 Qxh3+ 36. Kg1 Rd1 37. Rf1 Rxe1 38. Rxe1 Rd2  0-1

[Event "VIII Floripa Chess Open 2022 - LIRA - mesa 1 a 205 - HOTEL FAIAL - 206 a 246"]
[Site "Lira Tênis Clube - Florianópolis/SC"]
[Date "2022.01.25"]
[Round "2"]
[Board "62"]
[White "Leitao, Nicolau"]
[Black "Dull, Amanda Paul"]
[Result "1-0"]
[WhiteElo "2109"]
[BlackElo "1810"]
[PlyCount "90"]
[EventDate "2022.01.24"]
[EventRounds "10"]
[EventCountry "BRA"]

1. d4 Nf6 2. c4 g6 3. Nc3 d5 4. Bf4 Bg7 5. e3 O-O 6. Nf3 c5 7. dxc5 Qa5 8. Rc1
dxc4 9. Bxc4 Qxc5 10. Bb3 Nc6 11. O-O Rd8 12. Qe2 Qh5 13. Rfd1 Bg4 14. h3 Bxf3
15. Qxf3 Qxf3 16. gxf3 Rd7 17. Rxd7 Nxd7 18. Rd1 Nc5 19. Bc4 Ne5 20. Be2 Kf8
21. Rd5 Ncd7 22. Bb5 Nxf3+ 23. Kg2 Nh4+ 24. Kg3 Bxc3 25. Rxd7 Nf5+ 26. Kf3 Bxb2
27. Rxb7 Bf6 28. Bc4 Rc8 29. Bb3 a5 30. Bc7 Ra8 31. a4 Bc3 32. Bc4 Bb4 33. Bd5
e6 34. Rxb4 exd5 35. Rb5 Rc8 36. Bxa5 d4 37. Bb4+ Kg8 38. a5 dxe3 39. fxe3 Ra8
40. Rd5 Rb8 41. Bc5 Ng7 42. a6 Ne6 43. a7 Ra8 44. Bb6 Nc7 45. Bxc7 Rxa7  1-0

[Event "VIII Floripa Chess Open 2022 - LIRA - mesa 1 a 205 - HOTEL FAIAL - 206 a 246"]
[Site "Lira Tênis Clube - Florianópolis/SC"]
[Date "2022.01.25"]
[Round "2"]
[Board "63"]
[White "Dos Santos, Dwlyan Silva"]
[Black "Souza Neves, Andrey M."]
[Result "0-1"]
[WhiteElo "1808"]
[BlackElo "2107"]
[PlyCount "80"]
[EventDate "2022.01.24"]
[EventRounds "10"]
[EventCountry "BRA"]

1. e4 c5 2. Nf3 Nc6 3. d4 cxd4 4. Nxd4 Nf6 5. Nc3 d6 6. f3 e5 7. Nb3 Be7 8. Be3
O-O 9. Qd2 a5 10. a4 Be6 11. O-O-O Qb8 12. g4 Rc8 13. g5 Nh5 14. Bb5 Nb4 15.
Kb1 b6 16. Qf2 Bc4 17. Rd2 Bxb5 18. Nxb5 Rc6 19. Rhd1 Na6 20. Nc1 Nc5 21. b3
Qf8 22. Ne2 f5 23. gxf6 Nxf6 24. Nec3 Rd8 25. Nd5 Nxd5 26. Rxd5 Qf6 27. Rg1 Rf8
28. Bg5 Qe6 29. Bxe7 Qxe7 30. Qg3 Rf6 31. Rgd1 Qf8 32. Qe1 Nb7 33. Qd2 Rxf3 34.
Nxd6 Rxd6 35. Rxd6 Nxd6 36. Qxd6 Qxd6 37. Rxd6 Rh3 38. Rxb6 Rxh2 39. Rb5 g5 40.
Rxe5 h6 {ilegivel}  0-1

[Event "VIII Floripa Chess Open 2022 - LIRA - mesa 1 a 205 - HOTEL FAIAL - 206 a 246"]
[Site "Lira Tênis Clube - Florianópolis/SC"]
[Date "2022.01.25"]
[Round "2"]
[Board "64"]
[White "Dias, Anderson Tatsch"]
[Black "Vieira, Jose Renato Braga S."]
[Result "1-0"]
[WhiteElo "2102"]
[BlackElo "1805"]
[PlyCount "45"]
[EventDate "2022.01.24"]
[EventRounds "10"]
[EventCountry "BRA"]

1. d4 Nf6 2. c4 e6 3. Nc3 Bb4 4. e3 O-O 5. Bd3 c5 6. Nge2 d5 7. cxd5 cxd4 8.
exd4 Nxd5 9. O-O Nxc3 10. bxc3 Bd6 11. c4 Nc6 12. Be3 e5 13. d5 e4 14. Bxe4 Qh4
15. f4 Na5 16. c5 Qe7 17. Qd4 Re8 18. Ng3 Bb8 19. Rfe1 Qd8 20. Nh5 f6 21. Qd3
h6 22. Bh7+ Kh8 23. Qg6  1-0

[Event "VIII Floripa Chess Open 2022 - LIRA - mesa 1 a 205 - HOTEL FAIAL - 206 a 246"]
[Site "Lira Tênis Clube - Florianópolis/SC"]
[Date "2022.01.25"]
[Round "2"]
[Board "65"]
[White "Gobbo Junior, Jose Arildo"]
[Black "Damous, Felipe Soares"]
[Result "0-1"]
[WhiteElo "1799"]
[BlackElo "2101"]
[PlyCount "60"]
[EventDate "2022.01.24"]
[EventRounds "10"]
[EventCountry "BRA"]

1. e4 c6 2. d4 d5 3. f3 dxe4 4. fxe4 e5 5. Nf3 exd4 6. Bc4 Nf6 7. Ng5 Be6 8.
Nxe6 fxe6 9. O-O e5 10. Bg5 Be7 11. Bxf6 Bxf6 12. Qh5+ Kd7 13. Qh3+ Kc7 14. c3
Qd6 15. Kh1 Nd7 16. Na3 Rae8 17. Rad1 Kb8 18. b4 Qc7 19. Nc2 Nb6 20. Bb3 Rd8
21. c4 c5 22. a4 Nc8 23. bxc5 Qxc5 24. Ne1 Nd6 25. Bc2 Nxc4 26. Bd3 Ne3 27. Rc1
Qd6 28. Qh5 g6 29. Qe2 Bg5 30. Nf3 Bf6  0-1

[Event "VIII Floripa Chess Open 2022 - LIRA - mesa 1 a 205 - HOTEL FAIAL - 206 a 246"]
[Site "Lira Tênis Clube - Florianópolis/SC"]
[Date "2022.01.25"]
[Round "2"]
[Board "66"]
[White "Pereira, Geanfrancesco"]
[Black "Vera Irala, Carlos Marcelo"]
[Result "1-0"]
[WhiteElo "2100"]
[BlackElo "1795"]
[PlyCount "81"]
[EventDate "2022.01.24"]
[EventRounds "10"]
[EventCountry "BRA"]

1. e4 Nf6 2. e5 Nd5 3. Nc3 Nxc3 4. dxc3 Nc6 5. Bf4 d6 6. exd6 exd6 7. Bd3 Be7
8. Qd2 Bg4 9. f3 Bh5 10. O-O-O Qd7 11. h4 Bg6 12. Bb5 a6 13. Ba4 b5 14. Bb3 Na5
15. Bd5 c6 16. h5 Bf5 17. g4 Be6 18. Bxe6 Qxe6 19. b3 O-O 20. h6 g6 21. Nh3 d5
22. Rhe1 Ba3+ 23. Kb1 Qd7 24. c4 Nxc4 25. bxc4 bxc4 26. Ka1 f6 27. Qa5 Be7 28.
c3 Rfc8 29. Qb6 Qa7 30. Rb1 g5 31. Qb7 Bf8 32. Be3 Qb8 33. f4 Bxh6 34. Qe7 Qc7
35. Qxf6 Bg7 36. Qxg5 h6 37. Qg6 Qf7 38. Qxf7+ Kxf7 39. Rb7+ Kg8 40. Bd4 Bf8
41. Re6  1-0

[Event "VIII Floripa Chess Open 2022 - LIRA - mesa 1 a 205 - HOTEL FAIAL - 206 a 246"]
[Site "Lira Tênis Clube - Florianópolis/SC"]
[Date "2022.01.25"]
[Round "2"]
[Board "67"]
[White "Franca Junior, Jairo"]
[Black "Urquiza, Marcello De Albuquerque"]
[Result "1/2-1/2"]
[WhiteElo "1794"]
[BlackElo "2099"]
[PlyCount "43"]
[EventDate "2022.01.24"]
[EventRounds "10"]
[EventCountry "BRA"]

1. Nf3 d5 2. d4 Nf6 3. Bf4 c5 4. e3 e6 5. Nbd2 Qb6 6. Rb1 Nc6 7. c3 Be7 8. Bd3
O-O 9. O-O Bd7 10. h3 Na5 11. dxc5 Qxc5 12. Ne5 Nc6 13. Nxd7 Nxd7 14. e4 Nde5
15. Bc2 Ng6 16. Be3 Qd6 17. exd5 Qxd5 18. Bb3 Qa5 19. Qe2 Qc7 20. Rbd1 Rad8 21.
Nf3 Nf4 22. Qc4 {ILEGIVEL}  1/2-1/2